[Event "Punta del Este Alekhiine op 1st"]
[Site "Punta del Este"]
[Date "2024.03.10"]
[Round "4"]
[White "Pereira, Gerardo"]
[Black "Garcia Meoni, Fernando"]
[Result "0-1"]
[WhiteElo "1583"]
[BlackElo "1651"]
[PlyCount "70"]
[EventDate "2024.03.08"]
[EventType "swiss"]
[EventRounds "5"]
[EventCountry "URU"]
[SourceTitle "CB13_2024"]
[SourceDate "2024.03.27"]
[SourceVersion "1"]
[SourceVersionDate "2024.03.27"]
[SourceQuality "1"]

1. e4 Nc6 2. Nf3 g6 3. d4 Bg7 4. Nc3 e6 5. Bg5 Nge7 6. e5 d5 7. h3 Qd7 8. Nh2 Nf5 9. Ng4 Nfxd4 10. Bf6 Kf8 11. Qd2 h5 12. Bxg7+ Kxg7 13. Nf6 Qe7 14. Ne2 Nf5 15. c3 Nxe5 16. Nxd5 exd5 17. 0-0-0 c6 18. Nd4 Nc4 19. Bxc4 dxc4 20. Nxf5+ Bxf5 21. Qd4+ Qf6 22. Qxc4 Rhd8 23. Qf4 Rxd1+ 24. Rxd1 Rd8 25. g4 Rxd1+ 26. Kxd1 Qd8+ 27. Kc1 hxg4 28. hxg4 Be6 29. Qe5+ Qf6 30. Qe3 b6 31. g5 Qf5 32. a3 Bb3 33. Qd4+ Kh7 34. Qd2 Qg4 35. f4 Qg1+ 0-1

[Event "Punta del Este Alekhiine op 1st"]
[Site "Punta del Este"]
[Date "2024.03.09"]
[Round "3"]
[White "Pimentel, Abraham"]
[Black "Garcia Meoni, Fernando"]
[Result "1-0"]
[WhiteElo "1575"]
[BlackElo "1651"]
[PlyCount "81"]
[EventDate "2024.03.08"]
[EventType "swiss"]
[EventRounds "5"]
[EventCountry "URU"]
[SourceTitle "CB13_2024"]
[SourceDate "2024.03.27"]
[SourceVersion "1"]
[SourceVersionDate "2024.03.27"]
[SourceQuality "1"]

1. d4 Nf6 2. Nf3 g6 3. Bf4 Bg7 4. h3 d6 5. e3 c6 6. Be2 b6 7. 0-0 Bb7 8. c4 Nbd7 9. Nc3 Qc7 10. Rc1 e5 11. Bg3 0-0 12. d5 c5 13. Nb5 Qb8 14. a3 Ne8 15. b4 Ndf6 16. bxc5 bxc5 17. Qc2 a6 18. Nc3 Nc7 19. Rb1 Qc8 20. Rb6 Rd8 21. Bh4 Rb8 22. Nxe5 dxe5 23. Bxf6 Bxf6 24. Rxf6 Kg7 25. Ne4 Ne8 26. Rb6 Qc7 27. Rfb1 h6 28. Nxc5 Nd6 29. Nxb7 Rxb7 30. Rxa6 Rdb8 31. Rxb7 Rxb7 32. c5 Ne8 33. d6 Qb8 34. Bd3 Ra7 35. Rxa7 Qxa7 36. Bb5 Nf6 37. c6 Qxa3 38. c7 Qxd6 39. c8Q Qb4 40. Q8c4 Qe1+ 41. Kh2 1-0

[Event "URU-chT Regional"]
[Site "Punta del Este"]
[Date "2020.11.02"]
[Round "5.4"]
[White "Pena, Luis"]
[Black "Garcia Meoni, Fernando"]
[Result "0-1"]
[WhiteElo "1597"]
[BlackElo "1395"]
[PlyCount "105"]
[EventDate "2020.10.31"]
[EventType "team-swiss"]
[EventRounds "5"]
[EventCountry "URU"]
[SourceTitle "CBM 199 Extra"]
[Source "ChessBase"]
[SourceDate "2021.01.31"]
[SourceVersion "1"]
[SourceVersionDate "2021.01.31"]
[SourceQuality "1"]
[WhiteTeam "Lavalleja"]
[BlackTeam "Maldonado II"]
[WhiteTeamCountry "URU"]
[BlackTeamCountry "URU"]

1. d4 d5 2. Bf4 Nf6 3. Nf3 e6 4. e3 Bd6 5. Nbd2 Bxf4 6. exf4 Qd6 7. Ne5 Qb4 8. Nef3 Qxb2 9. Bd3 Qb4 10. 0-0 0-0 11. Re1 Nc6 12. Rb1 Qa4 13. Rb2 Nxd4 14. Re3 c5 15. Nxd4 Qxd4 16. c3 Qxf4 17. Rh3 e5 18. Rf3 Qg4 19. Be2 Qe6 20. Nf1 Qd6 21. Ne3 Rd8 22. h3 a6 23. Rd2 Qc6 24. Rg3 Be6 25. Nc4 Ne4 26. Nxe5 Qc7 27. Ng4 Nxg3 28. fxg3 Qxg3 29. Rd3 Qc7 30. Qe1 Bxg4 31. Bxg4 Re8 32. Qh4 Qe5 33. Rd1 Re7 34. Rxd5 Qxd5 35. Qxe7 Rd8 36. Bf3 Qd6 37. Qg5 b5 38. h4 Re8 39. h5 Re1+ 40. Kf2 Qe7 41. Qd2 Re5 42. Qf4 Qd6 43. Qg4 Qe6 44. Qh4 Qd6 45. Qg4 f5 46. Qh4 Qd2+ 47. Kf1 b4 48. Qc4+ Kf8 49. Kg1 bxc3 50. Qxa6 c2 51. Qc8+ Kf7 52. Qc7+ Re7 53. Bd5+ 0-1

[Event "URU-chT Provinces"]
[Site "Montevideo"]
[Date "2017.08.27"]
[Round "5.3"]
[White "Garcia Meoni, Fernando"]
[Black "Pelaez, Diego"]
[Result "0-1"]
[WhiteElo "1480"]
[BlackElo "1692"]
[PlyCount "73"]
[EventDate "2017.08.25"]
[EventType "team-swiss"]
[EventRounds "5"]
[EventCountry "URU"]
[SourceTitle "EXT 2019"]
[Source "ChessBase"]
[SourceDate "2018.10.10"]
[SourceVersion "1"]
[SourceVersionDate "2018.10.10"]
[SourceQuality "1"]
[WhiteTeam "Maldonado III"]
[BlackTeam "Rivera"]
[WhiteTeamCountry "URU"]
[BlackTeamCountry "URU"]

1. e4 g6 2. Nf3 d6 3. Be2 Bg7 4. c3 c5 5. d3 Nf6 6. h3 0-0 7. 0-0 b5 8. Qc2 a5 9. a3 Bb7 10. Be3 Nc6 11. Nbd2 e6 12. Rfd1 Qe7 13. Qb1 Nd7 14. d4 b4 15. Qc1 Rfc8 16. Bd3 cxd4 17. Nxd4 Nxd4 18. c4 Nc5 19. Qb1 b3 20. Re1 Nxd3 21. Qxd3 Nc2 22. Qxb3 Nxa1 23. Rxa1 a4 24. Qc2 d5 25. Rc1 d4 26. Bf4 e5 27. Bg3 Bh6 28. f3 Qc5 29. Kh2 f6 30. Qd3 Ba6 31. Rc2 Qa5 32. Be1 Rab8 33. Kg1 Rb3 34. Qf1 Bxd2 35. Bxd2 Qb6 36. Kh2 Rxb2 37. Qc1 0-1

[Event "URU-chT Provinces"]
[Site "Montevideo"]
[Date "2017.08.26"]
[Round "4.3"]
[White "Anza, Vicenzo"]
[Black "Garcia Meoni, Fernando"]
[Result "1-0"]
[WhiteElo "1493"]
[BlackElo "1480"]
[PlyCount "71"]
[EventDate "2017.08.25"]
[EventType "team-swiss"]
[EventRounds "5"]
[EventCountry "URU"]
[SourceTitle "EXT 2019"]
[Source "ChessBase"]
[SourceDate "2018.10.10"]
[SourceVersion "1"]
[SourceVersionDate "2018.10.10"]
[SourceQuality "1"]
[WhiteTeam "Colonia Nueva Helvecia"]
[BlackTeam "Maldonado III"]
[WhiteTeamCountry "URU"]
[BlackTeamCountry "URU"]

1. e4 d6 2. d4 Nf6 3. Nc3 g6 4. Bg5 Bg7 5. Qd2 Ng8 6. Bc4 Nc6 7. Nge2 Bd7 8. f3 a6 9. h4 h6 10. Be3 b6 11. Bb3 Na5 12. g4 c6 13. g5 e5 14. gxh6 Bxh6 15. Bxh6 Rxh6 16. 0-0-0 Nxb3+ 17. axb3 Rxh4 18. Rxh4 Qxh4 19. dxe5 Qh6 20. Qxh6 Nxh6 21. exd6 f6 22. f4 Ng4 23. Rh1 0-0-0 24. Rh7 Rg8 25. Nd4 Re8 26. Nxc6 g5 27. Ne7+ Kd8 28. fxg5 fxg5 29. Ncd5 Ne5 30. Nf6 Rf8 31. Nxd7 Nxd7 32. Nc6+ Kc8 33. e5 g4 34. e6 Kb7 35. Nd8+ Rxd8 36. Rxd7+ 1-0

[Event "URU-chT Provinces"]
[Site "Montevideo"]
[Date "2017.08.26"]
[Round "3.3"]
[White "Garcia Meoni, Fernando"]
[Black "Silveira, Carlos"]
[Result "1-0"]
[WhiteElo "1480"]
[BlackElo "1256"]
[PlyCount "65"]
[EventDate "2017.08.25"]
[EventType "team-swiss"]
[EventRounds "5"]
[EventCountry "URU"]
[SourceTitle "EXT 2019"]
[Source "ChessBase"]
[SourceDate "2018.10.10"]
[SourceVersion "1"]
[SourceVersionDate "2018.10.10"]
[SourceQuality "1"]
[WhiteTeam "Maldonado III"]
[BlackTeam "Canelones IV"]
[WhiteTeamCountry "URU"]
[BlackTeamCountry "URU"]

1. e4 d6 2. Nf3 g6 3. Be2 Nf6 4. Nc3 Bg7 5. 0-0 0-0 6. d3 c5 7. b3 Nc6 8. Rb1 Nd4 9. Nxd4 cxd4 10. Nb5 Qb6 11. Na3 Be6 12. Re1 Nd7 13. Bf3 Qc7 14. Bb2 Ne5 15. Be2 Nc6 16. Qd2 Rab8 17. Rec1 b5 18. Ra1 b4 19. Nb1 a5 20. a4 Ne5 21. h3 Bxb3 22. cxb3 Qb7 23. Qd1 Rfc8 24. Nd2 Rc6 25. Nf3 Rbc8 26. Rxc6 Rxc6 27. Rc1 Qa6 28. Nxe5 Bxe5 29. Rxc6 Qxc6 30. Qc1 Qxc1+ 31. Bxc1 Kg7 32. Bd2 Bf6 33. Bxb4 1-0